00441 2200181 4500001002100000008004100021035002000062245005100082100002000133250000600153260002900159300001200188084001400200082000800214650001300222990001200235990001200247INLIS000000000000800 ind  a0010-0524000035 aBuku Saku Fisika Kelas XII IPAcSamekto Budi P aBudi P, Samekto a1 aYogyakarta :bAndic2013 a280 hlm a530 SAM f a530 aNonFiksi a0740449 a0740450